Introduction to operations research (Record no. 215645)

MARC details
000 -LEADER
fixed length control field 00502nam a2200181Ia 4500
008 - FIXED-LENGTH DATA ELEMENTS--GENERAL INFORMATION
fixed length control field 231221s9999 xx 000 0 und d
020 ## - INTERNATIONAL STANDARD BOOK NUMBER
International Standard Book Number 9780000000000
041 ## - LANGUAGE CODE
Language code of text/sound track or separate title English
082 ## - DEWEY DECIMAL CLASSIFICATION NUMBER
Classification number 001.424 HIL;41
100 ## - MAIN ENTRY--PERSONAL NAME
Personal name Hillier, Frederick S. Lieberman, Gerald J. Nag, Bodhibrata...[et al.]
245 #0 - TITLE STATEMENT
Title Introduction to operations research
250 ## - EDITION STATEMENT
Edition statement 9th ed.
260 ## - PUBLICATION, DISTRIBUTION, ETC.
Date of publication, distribution, etc. 2010
Name of publisher, distributor, etc. Tata McGraw-Hill
Place of publication, distribution, etc. New Delhi
300 ## - PHYSICAL DESCRIPTION
Extent xxx, 1102
300 ## - PHYSICAL DESCRIPTION
Dimensions 84096
650 ## - SUBJECT ADDED ENTRY--TOPICAL TERM
Topical term or geographic name entry element operations
942 ## - ADDED ENTRY ELEMENTS (KOHA)
Koha item type Compact Disks
Holdings
Date last seen Total checkouts Full call number Accession number Price effective from Category Lost status Damaged status Department Withdrawn status Home library Current library Shelving location Entry date Vendor Grants Billnumber Billdate Currency symbol Conversion rate Discount Old discount
26/01/2024   001.424 HIL;41 CD6072 26/01/2024 Compact Disks     Central Library   Central Library Central Library Central Library   Book Paradise MCA 71711 18/01/2019 RS 1    
26/01/2024   001.424 HIL;42 CD6073 26/01/2024 Compact Disks     Central Library   Central Library Central Library Central Library   Book Paradise MCA 71711 18/01/2019 RS 1    
26/01/2024   001.424 HIL;43 CD6074 26/01/2024 Compact Disks     Central Library   Central Library Central Library Central Library   Book Paradise MCA 71711 18/01/2019 RS 1    
26/01/2024   001.424 HIL;44 CD6075 26/01/2024 Compact Disks     Central Library   Central Library Central Library Central Library   Book Paradise MCA 71711 18/01/2019 RS 1    
26/01/2024   001.424 HIL;45 CD6076 26/01/2024 Compact Disks     Central Library   Central Library Central Library Central Library   Book Paradise MCA 71711 18/01/2019 RS 1    
26/01/2024   001.424 HIL;46 CD6077 26/01/2024 Compact Disks     Central Library   Central Library Central Library Central Library   Book Paradise MCA 71711 18/01/2019 RS 1    
26/01/2024   001.424 HIL;47 CD6078 26/01/2024 Compact Disks     Central Library   Central Library Central Library Central Library   Book Paradise MCA 71711 18/01/2019 RS 1    
26/01/2024   001.424 HIL;48 CD6079 26/01/2024 Compact Disks     Central Library   Central Library Central Library Central Library   Book Paradise MCA 71711 18/01/2019 RS 1    
26/01/2024   001.424 HIL;49 CD6080 26/01/2024 Compact Disks     Central Library   Central Library Central Library Central Library   Book Paradise MCA 71711 18/01/2019 RS 1    

© For any Suggestions or Query, please contact the library staff @ librarian@pes.edu or Phone: +9180 2672 1983/ 2108.